00492 2200205 4500001002100000005001500021035002000036245002500056100002000081250000600101300001700107260003100124082001400155084002000169020001800189020002200207008004100229990000800270990000800278INLIS00000000000000820221112092331 a0010-12180000021 aLalu Semuanya Lenyap0 aAgatha Christie a1 a291 ;c18 cm aJakarta :bGramedia,c2002 a899.221'3 a899.221'3 AGA l a979 22 3524 8 a978 979 22 3524 1221112 0  a002 a002